000 02763nam a2200301 i 4500
003 CSPC
005 20251203102357.0
008 251203s2023 ph a b 000 0 eng d
040 _aCSPC
_beng
_cCSPC
_erda
090 _aUTH BSN F634s 2023
100 1 _aFlores, Nathalia D.
_eauthor.
245 1 0 _aStressors of student nurses of Camarines Sur Polytechnic Colleges in their skills development practice during the covid-19 pandemic /
_cNathalia D. Flores, Angelyn M. Sayat, and Jean-Lyka C. Villanueva
300 _a98 leaves.
336 _2rdacontent
_atext
337 _2rdamedia
_aunmediated
338 _2rdacarrier
_avolume
502 _aUndergraduate Theses (BSN) - Nursing.
_cCamarines Sur Polytechnic Colleges, 2023.
504 _aIncludes bibliographical references.
520 3 _aThis study evaluated the stressors of student nurses of Camarines Sur Polytechnic Colleges, Nabua, Camariness Sur, during the COVID 19 Pandemic among selected nursing students. The study utilized a purposive sampling method, wherein the whole population did not have the same chance of being chosen. The researchers used the descriptive-correlational method using a self-made questionnaire. The results revealed that majority of the respondents are female, belonged to the age bracket of 21-23 and all of the respondents are single. The level of the stress of student nurses along academic, psychological and social were found to be stressful. In academic the most stressful factor is tons of homework, in psychological is confusion of setting priorities and in social is the RLE tuition fee. The intrinsic and extrinsic factors affect the level of stress of student nurses where the leading factor in intrinsic is anxiety and in extrinsic is loud noises. There is also no significant relationship between the profile age and sex and the level of stress of student along with academics, psychological and social. A plan is being proposed to mitigate the stress of student nurses of CSPC. The study recommends a comprehensive and informative materials to raise awareness about the stressors that a student may experience, such as pamphlet or brochure to be distributed to the students. This can help educate the students, families and faculty member on the importance of health related issues and empower them to make informed decisions regarding their health and well-being.
700 1 _aSayat, Angelyn M.
_eauthor.
700 1 _aVillanueva, Jean-Lyka C.
_eauthor.
720 _aTaburnal, Maria Visitacion M.
_eadviser.
720 _aRivera, Marilyn N.
_echair, panelist.
720 _aCirujales, Raquel I.
_epanelist.
720 _aFajardo, Luzviminda A.
_epanelist.
942 _2ddc
_n0
_cUM
_hF634s
_iBSN
_kUTH
_m2023
999 _c31017
_d31017